[Event "Amateur-Pokal B"]
[Site "?"]
[Date "2001.??.??"]
[Round "9"]
[White "Kupsch, Wolfgang"]
[Black "Koch, Arno"]
[Result "0-1"]
[WhiteElo "1766"]
[BlackElo "1792"]
[Annotator "ChessOrg"]
[PlyCount "100"]

1. e4 g6 2. d4 Bg7 3. c4 d6 4. Nc3 Nc6 5. Be3 e5 6. d5 Nce7 7. Bd3 f5 8. f3 Bh6
9. Bxh6 Nxh6 10. Qd2 Nf7 11. Nge2 f4 12. b4 g5 13. g3 Ng6 14. O-O-O Bh3 15. Ng1
Bd7 16. Qf2 c5 17. bxc5 Qa5 18. Qb2 O-O 19. Nge2 Rab8 20. gxf4 gxf4 21. h4 h5
22. Rdg1 Kh7 23. a3 Qxc5 24. Rf1 Rfc8 25. Qb4 Qe3+ 26. Kc2 a6 27. a4 b5 28.
cxb5 axb5 29. Bxb5 Bxb5 30. axb5 Qxe2+ 31. Kb3 Qd3 32. Rc1 Qxf3 33. Rhf1 Rxc3+
34. Qxc3 Qxc3+ 35. Kxc3 Rxb5 36. Ra1 Rc5+ 37. Kd3 Rc7 38. Ra6 Kh6 39. Rc6 Ra7
40. Rh1 Ra3+ 41. Kd2 Re3 42. Rc7 Kg7 43. Rc4 Rg3 44. Rc3 Rxc3 45. Kxc3 Nh6 46.
Kd3 Ng4 47. Ke2 Kf6 48. Kf3 Ne3 49. Rh2 Nf1 50. Rh1 Nd2+ 0-1

[Event "Amateur-Pokal B"]
[Site "?"]
[Date "2001.??.??"]
[Round "9"]
[White "Trumm, Achim"]
[Black "Schmitt, Adolf"]
[Result "1-0"]
[WhiteElo "1805"]
[BlackElo "1824"]
[Annotator "ChessOrg"]
[PlyCount "45"]

1. d4 e6 2. c4 c5 3. d5 e5 4. Nc3 d6 5. Qc2 g6 6. e4 Bg7 7. Bd3 Na6 8. a3 Ne7
9. Bd2 O-O 10. O-O-O Rb8 11. h4 h6 12. f3 f5 13. Be3 f4 14. Bf2 Nc7 15. g3 g5
16. hxg5 hxg5 17. gxf4 Ng6 18. f5 Nf4 19. Nh3 Qf6 20. Rdg1 Nxh3 21. Rxh3 Bd7
22. Be3 Kf7 23. Bxg5 1-0

[Event "Amateur-Pokal B"]
[Site "?"]
[Date "2001.??.??"]
[Round "9"]
[White "Schmidt, Erhard"]
[Black "Kuhn, Heinz"]
[Result "0-1"]
[WhiteElo "1870"]
[BlackElo "1763"]
[Annotator "ChessOrg"]
[PlyCount "66"]

1. g3 a6 2. Bg2 d5 3. c4 Nf6 4. cxd5 Nxd5 5. e4 Nf6 6. d4 b5 7. Nc3 Bb7 8. Bf4
b4 9. Qa4+ Bc6 10. Qxb4 e5 11. Qc4 exf4 12. d5 fxg3 13. fxg3 Bb7 14. e5 Nfd7
15. Nf3 Nb6 16. Qf4 h6 17. O-O-O Be7 18. h4 Rg8 19. e6 f6 20. Qe4 g6 21. Qf4
Bf8 22. Rhe1 Nc8 23. Ne4 f5 24. Ne5 Qe7 25. Nf7 fxe4 26. Bxe4 Bg7 27. d6 Nxd6
28. Nxd6+ cxd6 29. Bxg6+ Kd8 30. Rxd6+ Kc8 31. Qc4+ Nc6 32. Be4 Qxd6 33. Rd1
Qb4 0-1

[Event "Amateur-Pokal C"]
[Site "?"]
[Date "2001.??.??"]
[Round "1"]
[White "Schreiber, Winfried"]
[Black "Straesser, Gerda"]
[Result "1-0"]
[WhiteElo "1451"]
[BlackElo "1536"]
[Annotator "ChessOrg"]
[PlyCount "77"]

1. c4 e6 2. Nc3 d5 3. cxd5 exd5 4. d4 Nf6 5. Nf3 Be7 6. g3 c6 7. Bg2 O-O 8. O-O
Nbd7 9. Re1 Re8 10. a3 a5 11. Bd2 b5 12. e4 dxe4 13. Nxe4 Nxe4 14. Rxe4 Nf6 15.
Re2 Bb7 16. Qc2 c5 17. dxc5 Be4 18. Rxe4 Nxe4 19. Qxe4 Bxc5 20. Qc6 Bb6 21.
Qxb5 Rb8 22. Qh5 Re2 23. Be3 Bxe3 24. fxe3 Rbxb2 25. Bf1 Rf2 26. Rb1 Rxb1 27.
Kxf2 Qd1 28. Be2 Qc1 29. Ng5 Qg1+ 30. Kf3 Qh1+ 31. Kg4 Qb7 32. Qxh7+ Kf8 33.
Qh8+ Ke7 34. Qxg7 Qd7+ 35. Kh4 Qd5 36. Bf3 Qc4+ 37. g4 Re1 38. Qe5+ Kf8 39. Bd5
1-0

[Event "Amateur-Pokal C"]
[Site "?"]
[Date "2001.??.??"]
[Round "1"]
[White "van Hove, Ode"]
[Black "Bastian, Stefan"]
[Result "0-1"]
[WhiteElo "1485"]
[BlackElo "1200"]
[Annotator "ChessOrg"]
[PlyCount "76"]

1. e4 e5 2. Nf3 Nc6 3. d4 exd4 4. c3 dxc3 5. Nxc3 Bb4 6. Bc4 d6 7. O-O Bxc3 8.
bxc3 Nf6 9. e5 dxe5 10. Qxd8+ Nxd8 11. Ba3 e4 12. Rfe1 Be6 13. Nd2 Bxc4 14.
Nxc4 b6 15. Nd2 Ne6 16. Nxe4 Nxe4 17. Rxe4 O-O-O 18. Be7 Rd7 19. Bh4 g5 20. Bg3
Rhd8 21. Ree1 h5 22. Be5 g4 23. a4 Rf8 24. Bf6 Rg8 25. Re5 Rg6 26. Bh4 Ng7 27.
a5 Rgd6 28. g3 f6 29. Re2 Nf5 30. axb6 Rd1+ 31. Rxd1 Rxd1+ 32. Kg2 Nxh4+ 33.
gxh4 axb6 34. Re8+ Kd7 35. Rh8 Rd5 36. Rh7+ Kd6 37. h3 gxh3+ 38. Kxh3 Rd3+ 0-1

[Event "Amateur-Pokal C"]
[Site "?"]
[Date "2001.??.??"]
[Round "1"]
[White "Strozondalla, Andreas"]
[Black "Lang, Wolfgang"]
[Result "0-1"]
[WhiteElo "1200"]
[BlackElo "1479"]
[Annotator "ChessOrg"]
[PlyCount "84"]

1. e4 e6 2. Nf3 d5 3. e5 c5 4. d4 Nc6 5. c3 Bd7 6. Be2 cxd4 7. cxd4 Bb4+ 8. Nc3
Nge7 9. O-O O-O 10. Bg5 h6 11. Bh4 a6 12. Qb3 Qb8 13. Na4 Qa7 14. Rfd1 Nf5 15.
Nc5 Bxc5 16. dxc5 Rac8 17. Rac1 Qb8 18. Bg3 Rc7 19. Bf4 Rfc8 20. g4 Nfe7 21. g5
h5 22. Nh4 g6 23. Qg3 Nb4 24. a3 Nbc6 25. b4 Kh7 26. Rc3 Na7 27. Rf3 Bb5 28.
Bxb5 Nxb5 29. Bc1 Nc6 30. Rf6 Nbd4 31. Qd3 Rg8 32. Bb2 Nb5 33. Qh3 Re7 34. Rd3
Nxe5 35. Bxe5 Qxe5 36. Rdf3 Qxg5+ 37. Kh1 Nd4 38. Rxf7+ Rg7 39. Rxg7+ Rxg7 40.
Rg3 Qc1+ 41. Kg2 Ne2 42. Re3 Nf4+ 0-1

[Event "Amateur-Pokal C"]
[Site "?"]
[Date "2001.??.??"]
[Round "1"]
[White "Schorn, Siegfried"]
[Black "Schwabe, Manfred"]
[Result "0-1"]
[WhiteElo "1425"]
[BlackElo "1683"]
[Annotator "ChessOrg"]
[PlyCount "106"]

1. e4 e6 2. d4 d5 3. e5 c5 4. c3 cxd4 5. cxd4 Nc6 6. Nf3 Bd7 7. Nc3 f6 8. g3
fxe5 9. Nxe5 Nxe5 10. dxe5 Bb4 11. Qd4 Ba5 12. Bd2 Bb6 13. Qg4 Qe7 14. Nb5
O-O-O 15. Nd6+ Kb8 16. Bg5 Qf8 17. Qf4 Qxf4 18. gxf4 Rf8 19. Rg1 Bc7 20. Bb5
Bxb5 21. Nxb5 Ba5+ 22. Ke2 h6 23. Bh4 Rxf4 24. Bg3 Rf7 25. Nd4 Re7 26. Bh4 g5
27. Bg3 a6 28. h4 Bb6 29. Kd3 Bxd4 30. Kxd4 Rc7 31. Rac1 Rhh7 32. f4 gxf4 33.
Bxf4 Ne7 34. Rxc7 Nf5+ 35. Kd3 Rxc7 36. Rg6 Rc4 37. Bxh6 Rxh4 38. Bf8 Rd4+ 39.
Kc3 Rc4+ 40. Kd3 Rc6 41. Rg8 Kc7 42. Rh8 b5 43. Bb4 Kd7 44. Rh7+ Ke8 45. Rh8+
Kf7 46. Rf8+ Kg6 47. Rf6+ Kh5 48. Bd6 Ng7 49. Rf7 Kg6 50. Rf6+ Kg5 51. Rf7 Nf5
52. Be7+ Nxe7 53. Rxe7 Kf5 0-1

[Event "Amateur-Pokal C"]
[Site "?"]
[Date "2001.??.??"]
[Round "1"]
[White "Conrad, Egon"]
[Black "Pillath, Marcus"]
[Result "1-0"]
[WhiteElo "1649"]
[BlackElo "1413"]
[Annotator "ChessOrg"]
[PlyCount "71"]

1. d4 c6 2. c4 d5 3. Nf3 Nf6 4. cxd5 cxd5 5. Bf4 Qb6 6. Qc2 Nc6 7. e3 g6 8. Nc3
Bf5 9. Qe2 a6 10. a3 Bg7 11. Ne5 O-O 12. h3 Qa5 13. g4 Bc8 14. Bg2 Nxe5 15.
Bxe5 e6 16. O-O Nd7 17. Bxg7 Kxg7 18. b4 Qd8 19. Rac1 Nb6 20. Qa2 Nc4 21. e4 b6
22. exd5 exd5 23. Bxd5 b5 24. Bxa8 Be6 25. d5 Qxa8 26. dxe6 fxe6 27. Qe2 Qd8
28. Rcd1 Qh4 29. Rd7+ Rf7 30. Qxe6 Rxd7 31. Qxd7+ Kh6 32. Qd3 Ne5 33. Qe3+ g5
34. Qxe5 Qxh3 35. Qh2 Qxh2+ 36. Kxh2 1-0

[Event "Amateur-Pokal C"]
[Site "?"]
[Date "2001.??.??"]
[Round "1"]
[White "Mees, Andreas"]
[Black "Kemmer, Josef"]
[Result "0-1"]
[WhiteElo "1341"]
[BlackElo "1585"]
[Annotator "ChessOrg"]
[PlyCount "72"]

1. e4 c5 2. f4 Qc7 3. d3 e6 4. Nf3 Nc6 5. Nc3 a6 6. Be2 Be7 7. O-O d6 8. Be3 b5
9. Qd2 Nf6 10. h3 b4 11. Nd1 Bb7 12. Bf2 e5 13. Bg3 O-O 14. f5 Nd4 15. Nxd4
cxd4 16. Rc1 d5 17. Bf3 dxe4 18. dxe4 Bxe4 19. Kh2 Bxf3 20. gxf3 Nh5 21. Qf2
Bd6 22. Kh1 Nxg3+ 23. Qxg3 e4 24. Qg2 e3 25. Rg1 f6 26. c3 Ra7 27. Rc2 d3 28.
Rc1 Bf4 29. Rb1 Re8 30. cxb4 Qe5 31. Re1 Qxf5 32. Nc3 Rae7 33. Rbd1 e2 34. Rb1
Bd2 35. f4 Re3 36. Rg1 Rxh3+ 0-1

[Event "Amateur-Pokal C"]
[Site "?"]
[Date "2001.??.??"]
[Round "1"]
[White "Weinz, Andre"]
[Black "Titz, Waldemar"]
[Result "0-1"]
[WhiteElo "1199"]
[BlackElo "1556"]
[Annotator "ChessOrg"]
[PlyCount "78"]

1. e4 d6 2. Nc3 Nf6 3. Nf3 g6 4. Bc4 Bg7 5. Ng5 O-O 6. O-O c6 7. d4 h6 8. Nf3
Bg4 9. Qd3 b5 10. Bb3 Qc7 11. e5 Bf5 12. exd6 exd6 13. Qe2 Nbd7 14. Nh4 Rae8
15. Qf3 Be6 16. d5 Ne5 17. Qd1 Bxd5 18. Bxd5 Nxd5 19. Nxd5 cxd5 20. Qxd5 Qc5
21. Qb7 Rb8 22. Qa6 Nc4 23. b3 Bxa1 24. bxc4 Bg7 25. cxb5 Qb6 26. Qxb6 axb6 27.
Bf4 Rfd8 28. Rd1 g5 29. Bxd6 gxh4 30. g4 Bf8 31. c4 Rxd6 32. Re1 Rbd8 33. a4
Rd1 34. Rxd1 Rxd1+ 35. Kg2 Ra1 36. Kh3 Be7 37. c5 bxc5 38. b6 Rxa4 39. b7 Rb4
0-1

[Event "Amateur-Pokal C"]
[Site "?"]
[Date "2001.??.??"]
[Round "2"]
[White "Kemmer, Josef"]
[Black "Schreiber, Winfried"]
[Result "1/2-1/2"]
[WhiteElo "1585"]
[BlackElo "1451"]
[Annotator "ChessOrg"]
[PlyCount "59"]

1. c4 c5 2. Nf3 Nc6 3. g3 b6 4. Bg2 Bb7 5. O-O e6 6. e4 Qc7 7. d3 Nf6 8. Re1
Be7 9. e5 Ng4 10. Bf4 g5 11. Nxg5 Ngxe5 12. Nxf7 Kxf7 13. Qh5+ Kf6 14. Bxe5+
Nxe5 15. Bxb7 Qxb7 16. Qxe5+ Kg6 17. Re4 Bf6 18. Rg4+ Kf7 19. Qh5+ Ke7 20. Nd2
Bxb2 21. Qh4+ Kd6 22. Re1 Raf8 23. Ne4+ Kc7 24. Qe7 Qc6 25. h4 Re8 26. Qf7 Ref8
27. Qe7 Bd4 28. Re2 Re8 29. Qg5 h5 30. Rf4 1/2-1/2

[Event "Amateur-Pokal C"]
[Site "?"]
[Date "2001.??.??"]
[Round "2"]
[White "Bastian, Stefan"]
[Black "Scheurer, Arthur"]
[Result "0-1"]
[WhiteElo "1200"]
[BlackElo "1569"]
[Annotator "ChessOrg"]
[PlyCount "110"]

1. e4 d5 2. Bd3 Nc6 3. c4 dxe4 4. Bxe4 Bd7 5. d4 Nf6 6. Bf3 e6 7. Bg5 Be7 8. a3
a5 9. Ne2 O-O 10. O-O Ne8 11. Bxe7 Qxe7 12. Re1 Qf6 13. d5 exd5 14. cxd5 Ne5
15. Ng3 Nxf3+ 16. gxf3 Nd6 17. Nc3 Rfe8 18. Rxe8+ Rxe8 19. Qf1 Qxf3 20. Qg2
Qxg2+ 21. Kxg2 g6 22. h4 h5 23. Rb1 b5 24. f3 Nc4 25. Nce4 Kg7 26. Nc3 f6 27.
Nce4 Re5 28. Nc3 Ne3+ 29. Kf2 b4 30. f4 Ng4+ 31. Kg2 Re3 32. axb4 axb4 33. Nce4
Rd3 34. Rc1 Ne3+ 35. Kf2 Nxd5 36. Nc5 Rd2+ 37. Ke1 Rg2 38. Nxh5+ gxh5 39. Nxd7
Rg1+ 40. Kd2 Rxc1 41. Kxc1 Nxf4 42. Kd2 Kg6 43. Nc5 Nd5 44. Ne4 Kf5 45. Ng3+
Kg4 46. Nf1 Kxh4 47. Kd3 Kg4 48. Ke4 c6 49. Nh2+ Kg3 50. Nf1+ Kf2 51. Nh2 h4
52. Kf5 h3 53. Kg4 Kg2 54. Nf3 h2 55. Nxh2 Kxh2 0-1

[Event "Amateur-Pokal C"]
[Site "?"]
[Date "2001.??.??"]
[Round "2"]
[White "Schwabe, Manfred"]
[Black "Titz, Waldemar"]
[Result "1/2-1/2"]
[WhiteElo "1683"]
[BlackElo "1556"]
[Annotator "ChessOrg"]
[PlyCount "90"]

1. Nf3 d5 2. d4 e6 3. e3 Nf6 4. c4 c6 5. Nc3 Be7 6. Bd3 O-O 7. O-O Nbd7 8. a3
b6 9. b4 Bb7 10. Bb2 Rc8 11. cxd5 Nxd5 12. Rc1 N7f6 13. Qe2 b5 14. Ne4 a5 15.
bxa5 Qxa5 16. Nc5 Bxc5 17. Rxc5 Nd7 18. Rcc1 f5 19. Qd2 Qxd2 20. Nxd2 Ra8 21.
Ra1 N5b6 22. Bc3 Nd5 23. Bb4 Nxb4 24. axb4 Rxa1 25. Rxa1 Ra8 26. Ra5 Kf8 27. e4
g6 28. f3 Ke8 29. Kf2 Ke7 30. Nb3 Ra6 31. h4 Kf6 32. Ke3 h6 33. g4 fxg4 34.
fxg4 g5 35. h5 Ke7 36. Be2 Kd6 37. Bf3 Kc7 38. Rxa6 Bxa6 39. d5 exd5 40. exd5
cxd5 41. Kd4 Kd6 42. Nc5 Bc8 43. Nd3 Nf6 44. Ne5 Be6 45. Be2 Nd7 1/2-1/2

[Event "Amateur-Pokal C"]
[Site "?"]
[Date "2001.??.??"]
[Round "2"]
[White "Lang, Wolfgang"]
[Black "Conrad, Egon"]
[Result "0-1"]
[WhiteElo "1479"]
[BlackElo "1649"]
[Annotator "ChessOrg"]
[PlyCount "66"]

1. e4 d5 2. exd5 Qxd5 3. Nc3 Qa5 4. Nf3 Nf6 5. Bc4 c6 6. a3 Bg4 7. O-O e6 8. h3
Bh5 9. Be2 Nbd7 10. d4 Be7 11. Bd3 O-O 12. Bd2 Qb6 13. b4 Bxf3 14. Qxf3 Qxd4
15. Rad1 Ne5 16. Qg3 Nxd3 17. Be1 Qe5 18. Qxd3 Rfd8 19. Qc4 Rxd1 20. Nxd1 Rd8
21. Bc3 Qe4 22. Qb3 Qe2 23. Ne3 Ne4 24. Re1 Qxf2+ 25. Kh1 Ng3+ 26. Kh2 Bd6 27.
Ng4 Nf5+ 28. Ne5 Qg3+ 29. Kg1 Ne3 30. Re2 Bxe5 31. Be1 Qh2+ 32. Kf2 Nd1+ 33.
Kf3 Qf4# 0-1

[Event "Amateur-Pokal C"]
[Site "?"]
[Date "2001.??.??"]
[Round "2"]
[White "Pillath, Marcus"]
[Black "Strozondalla, Andreas"]
[Result "1/2-1/2"]
[WhiteElo "1413"]
[BlackElo "1200"]
[Annotator "ChessOrg"]
[PlyCount "82"]

1. Nf3 Nf6 2. d4 d6 3. Bf4 Nc6 4. c3 Bg4 5. e3 h6 6. h3 Bh5 7. Be2 e6 8. O-O
Be7 9. Nbd2 O-O 10. Rc1 a6 11. Ne1 Bg6 12. Bd3 e5 13. Bxg6 exf4 14. Bc2 fxe3
15. fxe3 Nd5 16. Qf3 Nf6 17. Ne4 d5 18. Nxf6+ Bxf6 19. Qf5 Re8 20. e4 Ne7 21.
Qg4 Bg5 22. Rd1 Be3+ 23. Kh1 dxe4 24. Bxe4 Nd5 25. Qf3 Nf6 26. Bxb7 Rb8 27. b3
Qd6 28. Nd3 Bg5 29. Ne5 c5 30. Nc4 Qc7 31. Bc6 Re6 32. d5 Re4 33. Rde1 Rf4 34.
Qd3 Nh5 35. Rxf4 Bxf4 36. Qf3 Ng3+ 37. Kg1 Nf5 38. d6 Bxd6 39. Qxf5 Qxc6 40.
Qf3 Qxf3 41. gxf3 Bg3 1/2-1/2

[Event "Amateur-Pokal C"]
[Site "?"]
[Date "2001.??.??"]
[Round "2"]
[White "Straesser, Gerda"]
[Black "Mees, Andreas"]
[Result "0-1"]
[WhiteElo "1536"]
[BlackElo "1341"]
[Annotator "ChessOrg"]
[PlyCount "136"]

1. e4 c5 2. Nf3 d6 3. d4 cxd4 4. Nxd4 Nf6 5. Nc3 g6 6. Be2 Bg7 7. O-O O-O 8.
Be3 Bd7 9. f3 Nc6 10. Qd2 Re8 11. Rfd1 a6 12. a3 Qc7 13. Rac1 Rac8 14. Bf1 Qb8
15. Nd5 Nxd5 16. exd5 Ne5 17. c4 Rc7 18. b3 Qc8 19. Ne2 Bh3 20. Bb6 Rd7 21. Kh1
Bf5 22. Ng3 e6 23. Nxf5 exf5 24. h3 Rde7 25. Re1 Nd7 26. Rxe7 Rxe7 27. Be3 Nf6
28. Bg5 Re8 29. Bf4 Qd8 30. Qb4 Bf8 31. Qxb7 Qa5 32. Qb4 Qc7 33. Bg5 Nd7 34.
Re1 Rb8 35. Qc3 Bg7 36. Qc2 Qa5 37. Re7 Ne5 38. f4 f6 39. fxe5 fxg5 40. exd6
Qxa3 41. c5 Bf6 42. Re6 Kf7 43. d7 Qa5 44. c6 Bd8 45. Qe2 Qxd5 46. Qxa6 Qxe6
47. Bc4 Rb6 48. Bxe6+ Kxe6 49. Qc4+ Kd6 50. Qg8 Kc7 51. Qxh7 Rxc6 52. Qg7 Rd6
53. b4 Rxd7 54. Qc3+ Kb8 55. Qe5+ Bc7 56. Qb5+ Kc8 57. Qc5 Rd1+ 58. Qg1 Rxg1+
59. Kxg1 Kb7 60. Kf2 Kb6 61. Ke3 Be5 62. g4 Kb5 63. Kf2 Kxb4 64. Ke3 Kc5 65.
Kf3 Kd4 66. Ke2 Ke4 67. Kf2 fxg4 68. hxg4 Kf4 0-1

[Event "Amateur-Pokal C"]
[Site "?"]
[Date "2001.??.??"]
[Round "2"]
[White "Bruene, Gerhard"]
[Black "van Hove, Ode"]
[Result "0-1"]
[WhiteElo "1317"]
[BlackElo "1485"]
[Annotator "ChessOrg"]
[PlyCount "66"]

1. d4 Nf6 2. c4 e5 3. dxe5 Ne4 4. Nf3 Nc6 5. Nbd2 Nc5 6. b3 d6 7. Bb2 dxe5 8.
Nxe5 Nxe5 9. Bxe5 Qe7 10. Nf3 Bg4 11. e3 Bxf3 12. Qxf3 Qxe5 13. O-O-O c6 14.
Rd4 Ne6 15. Qe4 Ba3+ 16. Kb1 Qa5 17. Be2 O-O 18. Rdd1 Qc3 19. Qc2 Qf6 20. Bg4
Nc5 21. Bf3 Na6 22. Rd4 Nc5 23. Rhd1 Rad8 24. Rxd8 Rxd8 25. Rxd8+ Qxd8 26. h3
Qf6 27. e4 Ne6 28. Bg4 Nd4 29. Qd2 Bd6 30. g3 Ba3 31. f4 Qd8 32. h4 Ne6 33. Qc3
Qd4 0-1

[Event "Amateur-Pokal C"]
[Site "?"]
[Date "2001.??.??"]
[Round "2"]
[White "Weinz, Andre"]
[Black "Schorn, Siegfried"]
[Result "0-1"]
[WhiteElo "1199"]
[BlackElo "1425"]
[Annotator "ChessOrg"]
[PlyCount "50"]

1. e4 e5 2. Nf3 Nf6 3. Nc3 Nc6 4. Bc4 Bb4 5. Ng5 O-O 6. O-O h6 7. Nxf7 Rxf7 8.
Bxf7+ Kxf7 9. Qf3 Nd4 10. Qd3 Bxc3 11. dxc3 Nc6 12. f4 d6 13. fxe5 Nxe5 14. Qe3
Kg8 15. Qd2 Be6 16. a4 Qe7 17. Qd4 Rf8 18. Bf4 Bc4 19. Rfe1 Ba6 20. Qxa7 Nfg4
21. Bxe5 Qxe5 22. g3 Rf2 23. b4 Rxh2 24. b5 Qxg3+ 25. Kf1 Qg2# 0-1

[Event "Amateur-Pokal C"]
[Site "?"]
[Date "2001.??.??"]
[Round "3"]
[White "Conrad, Egon"]
[Black "Scheurer, Arthur"]
[Result "0-1"]
[WhiteElo "1649"]
[BlackElo "1569"]
[Annotator "ChessOrg"]
[PlyCount "102"]

1. d4 Nf6 2. Nf3 g6 3. e3 Bg7 4. Nbd2 O-O 5. c3 d6 6. Bd3 c5 7. O-O Nbd7 8. h3
Qc7 9. Qe2 Re8 10. Re1 a6 11. a4 e5 12. dxe5 dxe5 13. e4 b6 14. Nc4 Nh5 15. Ne3
Nf4 16. Qf1 Bb7 17. c4 Ne6 18. Nd5 Qd6 19. Be3 Nd4 20. Red1 Nf8 21. Nd2 Re7 22.
Ra3 Bc8 23. a5 b5 24. cxb5 axb5 25. Bxb5 Bd7 26. Nc4 Qb8 27. Bxd7 Nxd7 28. Ncb6
Bf8 29. Nxd7 Rxd7 30. Nb6 Rb7 31. Qc4 Rxb6 32. axb6 Qxb6 33. Bxd4 exd4 34. Rb3
Qf6 35. f3 Qg5 36. Qb5 Rd8 37. Rbd3 Qf4 38. Qb6 Be7 39. Qb7 Kf8 40. b3 Bd6 41.
Kf1 Qh2 42. Qb6 Be7 43. R3d2 Qh1+ 44. Kf2 Bh4+ 45. g3 Qh2+ 46. Kf1 Qxg3 47.
Qxc5+ Kg8 48. Qc4 Qxf3+ 49. Kg1 Qe3+ 50. Kf1 Qxh3+ 51. Rg2 Qf3+ 0-1

[Event "Amateur-Pokal C"]
[Site "?"]
[Date "2001.??.??"]
[Round "3"]
[White "Schreiber, Winfried"]
[Black "Schwabe, Manfred"]
[Result "0-1"]
[WhiteElo "1451"]
[BlackElo "1683"]
[Annotator "ChessOrg"]
[PlyCount "78"]

1. c4 Nf6 2. Nf3 g6 3. Nc3 Bg7 4. d4 d6 5. g3 Nbd7 6. Bg2 O-O 7. O-O e5 8. dxe5
Nxe5 9. Nxe5 dxe5 10. Bg5 c6 11. Ne4 Qxd1 12. Rfxd1 Nxe4 13. Bxe4 f6 14. Be3
Be6 15. b3 Kf7 16. Rd6 f5 17. Bg2 Rfd8 18. Rad1 Rxd6 19. Rxd6 Bf8 20. Rd1 a5
21. a4 e4 22. f3 exf3 23. exf3 Be7 24. h4 b5 25. axb5 cxb5 26. f4 Rc8 27. cxb5
Bxb3 28. Bd5+ Bxd5 29. Rxd5 a4 30. b6 a3 31. Ra5 h6 32. Ra7 Ke6 33. Bd4 Bd6 34.
Kf1 Kd5 35. Bg7 Rb8 36. b7 Bc5 37. Ra5 Kc4 38. Bxh6 Rxb7 39. Bg5 Ra7 0-1

[Event "Amateur-Pokal C"]
[Site "?"]
[Date "2001.??.??"]
[Round "3"]
[White "Titz, Waldemar"]
[Black "Kemmer, Josef"]
[Result "1/2-1/2"]
[WhiteElo "1556"]
[BlackElo "1585"]
[Annotator "ChessOrg"]
[PlyCount "60"]

1. e4 c5 2. Nf3 e6 3. d4 cxd4 4. Nxd4 Nf6 5. Bd3 Nc6 6. Be3 Be7 7. O-O O-O 8.
a3 e5 9. Nb3 d5 10. exd5 Nxd5 11. Qe2 Nxe3 12. fxe3 Bg5 13. e4 Qb6+ 14. Kh1 Be6
15. N1d2 Bxd2 16. Nxd2 Nd4 17. Qh5 f6 18. b4 Bf7 19. Qh3 Ne6 20. Bc4 Rad8 21.
Nb3 Ng5 22. Bxf7+ Rxf7 23. Qg4 Qc6 24. Nc5 b6 25. h4 bxc5 26. hxg5 cxb4 27.
gxf6 Rxf6 28. Rxf6 Qxf6 29. axb4 Rf8 30. c3 Qb6 1/2-1/2

[Event "Amateur-Pokal C"]
[Site "?"]
[Date "2001.??.??"]
[Round "3"]
[White "Schorn, Siegfried"]
[Black "Bastian, Stefan"]
[Result "1-0"]
[WhiteElo "1425"]
[BlackElo "1200"]
[Annotator "ChessOrg"]
[PlyCount "45"]

1. e4 e5 2. Nf3 Nc6 3. Bb5 d6 4. Bxc6+ bxc6 5. d4 exd4 6. Qxd4 Bb7 7. O-O c5 8.
Qe3 Nf6 9. Nc3 g6 10. Qe2 Bg7 11. Qb5+ Qd7 12. Qxb7 O-O 13. Nd5 Nxe4 14. Qxc7
Qf5 15. Ne7+ Kh8 16. Nxf5 gxf5 17. c3 Kg8 18. Rd1 Rfc8 19. Qb7 Bf6 20. Qd5 Be5
21. Nxe5 dxe5 22. Qxe5 Rd8 23. Bh6 1-0

[Event "Amateur-Pokal C"]
[Site "?"]
[Date "2001.??.??"]
[Round "3"]
[White "van Hove, Ode"]
[Black "Lang, Wolfgang"]
[Result "1/2-1/2"]
[WhiteElo "1485"]
[BlackElo "1479"]
[Annotator "ChessOrg"]
[PlyCount "120"]

1. e4 c5 2. d4 cxd4 3. c3 dxc3 4. Nxc3 Nc6 5. Nf3 d6 6. Bc4 Nf6 7. e5 Ng4 8. e6
Bxe6 9. Bxe6 fxe6 10. Ng5 Nf6 11. Nxe6 Qd7 12. Nf4 g6 13. O-O Bg7 14. Re1 O-O
15. Ne6 Rf7 16. Rb1 Ne8 17. Bg5 Nc7 18. Nxg7 Kxg7 19. Bh4 Raf8 20. Ne4 h6 21.
Bg3 Qf5 22. Qd2 Qd5 23. Qc3+ Qd4 24. Qc2 Nd5 25. Rbd1 Ndb4 26. Qe2 Qb6 27. Nc3
Na6 28. Nd5 Qd8 29. Bh4 g5 30. Bg3 Nc7 31. Nc3 Qc8 32. f3 Qf5 33. Ne4 Ne6 34.
Qe3 Nf4 35. Bf2 Ne5 36. Kh1 b6 37. Qc3 Rc8 38. Qe3 Rc2 39. Qb3 Rc8 40. Bd4 Kh7
41. Bc3 Nxg2 42. Kxg2 Qxf3+ 43. Kg1 Qg4+ 44. Kh1 Qf3+ 45. Kg1 Ng4 46. Bd4 Qxb3
47. axb3 Rc2 48. Rd2 Rxd2 49. Nxd2 e5 50. Bc3 Kg6 51. Rf1 Rxf1+ 52. Nxf1 Kf6
53. h3 Kf5 54. hxg4+ Kxg4 55. Ne3+ Kf4 56. Nd5+ Ke4 57. Nf6+ Kf5 58. Ne8 d5 59.
Nd6+ Ke6 60. Nc8 d4 1/2-1/2

[Event "Amateur-Pokal C"]
[Site "?"]
[Date "2001.??.??"]
[Round "3"]
[White "Mees, Andreas"]
[Black "Pillath, Marcus"]
[Result "0-1"]
[WhiteElo "1341"]
[BlackElo "1413"]
[Annotator "ChessOrg"]
[PlyCount "115"]

1. e4 c6 2. Nf3 d5 3. e5 Bf5 4. d4 e6 5. c3 Nd7 6. Be3 h6 7. Be2 Qb6 8. Qc1 Ne7
9. O-O Rc8 10. Nh4 Bh7 11. Nd2 Nf5 12. Nxf5 Bxf5 13. f4 Be7 14. h3 c5 15. g4
Bh7 16. Nb3 cxd4 17. Nxd4 Bc5 18. Qd2 O-O 19. h4 Be4 20. g5 hxg5 21. fxg5 Nxe5
22. h5 Qc7 23. Bf4 Bd6 24. Be3 Nc4 25. Bxc4 dxc4 26. Rac1 Bg3 27. Rcd1 Bd3 28.
Rf3 Be5 29. h6 Bxd4 30. Bxd4 e5 31. Be3 Be4 32. Rh3 Rcd8 33. Qe2 Rxd1+ 34. Qxd1
Qd8 35. Qh5 g6 36. Qe2 Kh7 37. Rh4 Bf5 38. Rh2 b5 39. Bxa7 Qxg5+ 40. Rg2 Qc1+
41. Kf2 Qf4+ 42. Kg1 Bd3 43. Qe1 Ra8 44. Be3 Qe4 45. a3 Rd8 46. Qf2 Qf5 47. Qh4
Rd7 48. Rf2 Qe4 49. Qg5 Bb1 50. Kh2 f5 51. Rg2 f4 52. Bc5 Qf5 53. Qh4 Qh5 54.
Qxh5 gxh5 55. Bf8 f3 56. Rg1 f2 57. Rf1 Rd2 58. Kg3 0-1

[Event "Amateur-Pokal C"]
[Site "?"]
[Date "2001.??.??"]
[Round "3"]
[White "Strozondalla, Andreas"]
[Black "Straesser, Gerda"]
[Result "0-1"]
[WhiteElo "1200"]
[BlackElo "1536"]
[Annotator "ChessOrg"]
[PlyCount "120"]

1. e4 e6 2. Nf3 d5 3. exd5 exd5 4. d4 Nf6 5. Be2 Be7 6. O-O O-O 7. h3 h6 8. Bd3
a6 9. Re1 b5 10. Bf4 Re8 11. Be5 Nbd7 12. Nbd2 Bb7 13. Bg3 c5 14. c3 Qb6 15.
Bc2 Rac8 16. Bf5 Bd6 17. Ne5 Re7 18. Nxd7 Rxd7 19. Bxd7 Nxd7 20. Qg4 Nf6 21.
Qf5 Bxg3 22. fxg3 cxd4 23. Qf2 Qd6 24. Rac1 dxc3 25. Rxc3 Rxc3 26. bxc3 Qa3 27.
Qa7 Qxc3 28. Nf3 Bc8 29. Re7 Be6 30. Qxa6 Qc5+ 31. Kh2 Qxe7 32. Qxb5 Qa3 33.
Qb3 Qxb3 34. axb3 Ne4 35. Nd4 Nc5 36. b4 Nb7 37. b5 Kf8 38. g4 Ke7 39. Kg3 Kd6
40. Kf4 Kc5 41. Ke5 f6+ 42. Kxe6 Kxd4 43. Kf7 Ke5 44. Kxg7 d4 45. Kxh6 d3 46.
g5 fxg5 47. Kxg5 d2 48. h4 d1=Q 49. g4 Qd8+ 50. Kh5 Qe8+ 51. Kg5 Qxb5 52. h5
Ke6+ 53. Kh4 Kf6 54. Kg3 Kg5 55. Kh3 Qd3+ 56. Kg2 Qe4+ 57. Kf2 Qxg4 58. h6 Kxh6
59. Ke3 Kg6 60. Kd3 Nc5+ 0-1

[Event "Amateur-Pokal C"]
[Site "?"]
[Date "2001.??.??"]
[Round "3"]
[White "Bruene, Gerhard"]
[Black "Weinz, Andre"]
[Result "1-0"]
[WhiteElo "1317"]
[BlackElo "1199"]
[Annotator "ChessOrg"]
[PlyCount "45"]

1. d4 e6 2. Nf3 Nc6 3. e4 d5 4. Nc3 Bb4 5. Bb5 Bd7 6. e5 Bxc3+ 7. bxc3 a6 8.
Bd3 Qe7 9. O-O O-O-O 10. Bg5 f6 11. exf6 gxf6 12. Bh4 Qa3 13. Qd2 Rf8 14. Rfb1
b5 15. Rb3 Qd6 16. Re1 Na5 17. Bg3 Qe7 18. Rbb1 f5 19. Ne5 Qa3 20. Rb4 Qxa2 21.
Qf4 Qa3 22. Nc4 dxc4 23. Qxc7# 1-0

[Event "Amateur-Pokal C"]
[Site "?"]
[Date "2001.??.??"]
[Round "4"]
[White "Scheurer, Arthur"]
[Black "Schwabe, Manfred"]
[Result "0-1"]
[WhiteElo "1569"]
[BlackElo "1683"]
[Annotator "ChessOrg"]
[PlyCount "58"]

1. e4 e6 2. d4 d5 3. Nd2 Nf6 4. e5 Nfd7 5. Ngf3 c5 6. c3 Be7 7. Bd3 Nc6 8. O-O
O-O 9. a3 cxd4 10. cxd4 Qb6 11. Qc2 Nxd4 12. Nxd4 Qxd4 13. Bxh7+ Kh8 14. Nf3
Qc5 15. b4 Qxc2 16. Bxc2 b6 17. Re1 a5 18. Bd2 axb4 19. axb4 Bb7 20. Nd4 Rxa1
21. Rxa1 Nxe5 22. f4 Nc4 23. Be1 Bf6 24. Bf2 Rc8 25. Bd3 Nd6 26. Ra3 Rc1+ 27.
Bf1 Bxd4 28. Bxd4 Nb5 29. Rd3 Ba6 0-1